Stratégia destinačného marketingu cestovného ruchu Prešovského samosprávneho kraja
Enregistré dans:
| Auteur principal: | |
|---|---|
| Autres auteurs: | , , |
| Format: | Livre |
| Langue: | slovaque |
| Publié: |
[Prešov]
[Bookman]
2014
|
| Édition: | 1. vyd. |
| Sujets: | |
| Tags: |
Pas de tags, Soyez le premier à ajouter un tag!
|
MARC
| LEADER | 00000nam a2200000 4500 | ||
|---|---|---|---|
| 001 | 0226934 | ||
| 005 | 20240502073735.5 | ||
| 020 | |a 978-80-8165-066-6 | ||
| 041 | 0 | |a slo | |
| 044 | |a SK | ||
| 245 | 1 | 0 | |a Stratégia destinačného marketingu cestovného ruchu Prešovského samosprávneho kraja |c Peter Dorčák ... [et al.] |
| 250 | |a 1. vyd. | ||
| 264 | 1 | |a [Prešov] |b [Bookman] |c 2014 | |
| 300 | |a 252 s. [12,65 AH] | ||
| 610 | 2 | 0 | |a rozvoj regionálny |
| 610 | 2 | 0 | |a ruch cestovný |
| 610 | 2 | 0 | |a kraje |
| 610 | 2 | 0 | |a marketing |
| 610 | 2 | 0 | |a analýza swot |
| 610 | 2 | 0 | |a stratégia marketingová |
| 610 | 2 | 0 | |a budovanie značky |
| 610 | 2 | 0 | |a komunikácia marketingová |
| 100 | 1 | |a Dorčák, Peter, 1979- | |
| 700 | 1 | |a Pollák, František, 1985- | |
| 700 | 1 | |a Fogaš, Anton | |
| 700 | 1 | |a Svetozarovová, Nella | |